Điển hay tích lạ

Сохранить в:
Библиографические подробности
Главный автор: Nguyễn Tử Quang
Формат:
Язык:Undetermined
Опубликовано: Tp. HCM Trẻ 2001
Предметы:
Метки: Добавить метку
Нет меток, Требуется 1-ая метка записи!
Thư viện lưu trữ: Trung tâm Học liệu Trường Đại học Cần Thơ
LEADER 00490nam a2200181Ia 4500
001 CTU_45797
008 210402s9999 xx 000 0 und d
082 |a 495.9223 
082 |b Qu106 
100 |a Nguyễn Tử Quang 
245 0 |a Điển hay tích lạ 
245 0 |c Nguyễn Tử Quang 
260 |a Tp. HCM 
260 |b Trẻ 
260 |c 2001 
650 |a vietnamese language 
650 |x terms and phrases 
980 |a Trung tâm Học liệu Trường Đại học Cần Thơ